Creative approaches in dementia care / (رقم التسجيلة. 26417)

تفاصيل مارك
000 -الفاتح
حقل البيانات ثابتة الطول 02175cam a22003978a 4500
001 - رقم الضبط
رقم الضبط 16662471
003 - محدد رقم الضبط
رقم الضبط OSt
005 - وقت وتاريخ اخر تعامل مع التسجيلة
رقم الضبط 20150408114103.0
008 - عناصر البيانات ثابتة الطول - معلومات عامة
حقل البيانات ثابتة الطول 110218s2011 enk b 001 0 eng
010 ## - رقم ضبط مكتبة الكونجرس
رقم ضبط مكتبة الكونجرس 2011007799
020 ## - الرقم الدولى المعيارى للكتب
الرقم الدولى المعيارى للكتاب 9780230231658 (pbk.)
035 ## - رقم ضبط النظام
رقم ضبط النظام (DNLM)101554455
040 ## - مصدر الفهرسة
وكالة الفهرسة الأصلية DNLM/DLC
وكالة النسخ DLC
042 ## - رمز التحقق
رمز التحقق pcc
050 00 - رقم طلب مكتبة الكونجرس
رقم التصنيف RC521
رقم المادة .C75 2011
060 10 - رقم الطلب بالمكتبة الطبية الوطنية
رقم التصنيف WM 220
082 00 - رقم تصنيف ديوى العشرى
رقم التصنيف 616.83
رقم الطبعة 22
رقم المادة CRA
245 00 - بيان العنوان
العنوان Creative approaches in dementia care /
بيان المسئوليه,etc edited by Hilary Lee and Trevor Adams.
260 ## - PUBLICATION, DISTRIBUTION, ETC. (IMPRINT)
مكان الناشر او الموزع Houndmills, Basingstoke, Hampshire :
اسم الناشر او الموزع Palgrave Macmillan,
تاريخ النشر أو التوزيع 2011.
263 ## - تاريخ النشر المتوقع
تاريخ النشر المتوقع 1106
300 ## - الوصف المادى
التعداد p. ;
أبعاد الوعاء cm.
504 ## - تبصرة ببليوجرافية
تبصرة ببليوجرافية,الخ Includes bibliographical references and index.
505 0# - تبصرة محتويات-الفهرس
تبصرة المحتويات المصاغة Re-igniting the human spirit / Jane Verity and Hilary Lee Adams -- The laughterboss / Peter Spitzer -- Dramatherapy and dementia care / Joanna Jaaniste -- Dance movement psychotherapy in dementia care / Richard Coaten -- Music therapy in dementia care / Kirstin Robertson-Gillam -- Art therapy and dementia care / Patricia Baines -- Applying complementary therapies with a person-centred approach / Kirsten James -- Story matters in dementia care / Trisha Kotai Ewers -- Innovative approaches to reminiscence : remembering yesterday, caring today / Pam Schweitzer -- Getting in the picture : using photography, video, and visual material to enhance communication / John Killick and Kate Allan -- Creative processes to bring out expressions of spirituality : working with people who have dementia / Elizabeth MacKinlay -- Creative communication at the end of life / John Killick and Kate Allan.
650 #0 - المدخل الاضافى بالموضوع-مصطلح موضوعى
مصطلح موضوعي أو اسم جغرافي كعنصر مدخل Dementia
التقسيم الفرعي العام Treatment.
9 (RLIN) 18268
650 #0 - المدخل الاضافى بالموضوع-مصطلح موضوعى
مصطلح موضوعي أو اسم جغرافي كعنصر مدخل Dementia
التقسيم الفرعي العام Patients
-- Care.
9 (RLIN) 18269
650 #0 - المدخل الاضافى بالموضوع-مصطلح موضوعى
مصطلح موضوعي أو اسم جغرافي كعنصر مدخل Dementia
التقسيم الفرعي العام Psychological aspects.
9 (RLIN) 18270
650 12 - المدخل الاضافى بالموضوع-مصطلح موضوعى
مصطلح موضوعي أو اسم جغرافي كعنصر مدخل Dementia
التقسيم الفرعي العام psychology.
9 (RLIN) 18271
650 12 - المدخل الاضافى بالموضوع-مصطلح موضوعى
مصطلح موضوعي أو اسم جغرافي كعنصر مدخل Dementia
التقسيم الفرعي العام therapy.
9 (RLIN) 18272
650 22 - المدخل الاضافى بالموضوع-مصطلح موضوعى
مصطلح موضوعي أو اسم جغرافي كعنصر مدخل Patient-Centered Care
التقسيم الفرعي العام methods.
9 (RLIN) 18273
650 22 - المدخل الاضافى بالموضوع-مصطلح موضوعى
مصطلح موضوعي أو اسم جغرافي كعنصر مدخل Sensory Art Therapies
التقسيم الفرعي العام methods.
9 (RLIN) 18274
700 1# - المدخل الاضافى - اسم شخصى
الإسم الشخصى Lee, Hilary.
9 (RLIN) 18275
700 1# - المدخل الاضافى - اسم شخصى
الإسم الشخصى Adams, Trevor,
التواريخ المصاحبة للاسم 1954-
9 (RLIN) 18276
906 ## - عنصر بيانات محلى F, LDF (RLIN)
a 7
b cbc
c orignew
d 1
e ecip
f 20
g y-gencatlg
942 ## - عناصر المدخل الإضافي( كوها)
مصدر التصنيف او مخطط الترفيف Dewey Decimal Classification
Koha [default] item type DVD
المقتنيات
حالة الفقد نموذج السعر الفعال حالة تلف ليس للاعارة رقم الطلب تاريخ الاكتساب الموقع الحالي الباركود الفرع الرئيسي Date last seen نوع المادة فى نظام كوها مصدر التصنيف او خطة الترفيف Total Checkouts
  2013-03-10     616.83 CRA 2012-12-23 المكتبة المركزية بالمجمعة (CL) 00400561 المكتبة المركزية بالمجمعة (CL) 2013-03-10 كتاب Dewey Decimal Classification  
  2013-03-10     616.83 CRA 2012-12-27 المكتبة المركزية بالمجمعة (CL) 00400563 المكتبة المركزية بالمجمعة (CL) 2013-03-10 كتاب Dewey Decimal Classification  
  2013-03-10     616.83 CRA 2012-12-27 المكتبة المركزية بالمجمعة (CL) 00400562 المكتبة المركزية بالمجمعة (CL) 2013-03-10 كتاب Dewey Decimal Classification